000 00495nam a2200181Ia 4500
001 23865
005 20260414151006.0
008 260414t2011||||xx |||||||||||||| ||spa||
041 _aESP
082 _a720.284
_bC12
100 _aCabezas, Lino
_eAUT
245 0 _aDibujo y construcción de la realidad :
_barquitectura, proyecto, diseño, ingeniería, dibujo técnico
260 _c2011
300 _a361 páginas :
_c23 cm.
650 _aABD
654 _aCAU
942 _cLIB
_dJUS
_fJUS
_2ddc
_n
999 _c23865
_d23865